LEADER 01113nam a2200289 u 4500 001 000000040848 003 CaOOAMICUS 005 20070226114140.0 008 980717s1994 it u000 u ita u 020 $a881402734X 035 $a10800131 040 $aMSA$bita$dPUL 100 1 $aGhidini, Gustavo.$0(OLS)http://pul/name/30106 245 10$aDella concorrenza sleale /$cGustavo Ghidini. 260 $aMilano :$bGiuffrè,$c1994. 300 $axiii, 492 p. ;$c25 cm 490 1 $aIl Codice civile.$aCommentario 500 $aContiene indici. 505 0 $aArtt. 2598-2601. 650 4$aImprese$xDiritto.$0(OLS)http://pul/subject/17007 830 3$aIl Codice civile.$pCommentario.$0(OLS)http://pul/title/53143 850 $aPUL 852 $aPUL$W1$xSL Diritto e Scienze Sociali 3$y79$m300 A 1.2598$j55442$nBK-PRI$b $qDDC 21$B55442$CPULBib$Z2$F55442 $H86397 $82 941 1 $a9 996 $6020$a881402734X$9(OLS)http://pul/number/50727 996 $6245$aDella concorrenza sleale$9(OLS)http://pul/title/55073 996 $6260$aMilano :$bGiuffrè$9(OLS)http://pul/publisher/48401 LEADER 00807naa a2200193 u 4500 001 000000095336 003 CaOOAMICUS 005 20070226130142.0 008 040625s1978 it u000 u ita u 035 $a11002119 040 $aIAR$bita 100 1 $aDupre Theseider, Eugenio,$d1898-1975.$0(OLS)http://pul/name/4693 245 13$aIl mondo cittadino nelle pagine di S. Caterina /$cE. Dupré Theseider. 260 $aBologna :$bPàtron,$c1978. 300 $aS. 193-212, ;$c24 cm 773 0 $aMondo cittadino e movimenti ereticali nel medio evo. 773 0 $aDupre Theseider, Eugenio.$tMondo cittadino e movimenti ereticali nel medio evo : (saggi)$w()7797 996 $6245$aIl mondo cittadino nelle pagine di S. Caterina$9(OLS)http://pul/title/122210 996 $6260$aBologna :$bPàtron$9(OLS)http://pul/publisher/48272